| 000 | 00525 a2200157 4500 | ||
|---|---|---|---|
| 999 |
_c2693 _d2693 |
||
| 020 | _a9780078050602 | ||
| 050 | _aLB 1051 CAU 2011 | ||
| 100 |
_aCauley, Kathleen M. _eeditor |
||
| 245 |
_aEducational psychology 10/11 : _bannual editions / _cKathleen M. Cauley and Gina M. Pannozzo |
||
| 264 |
_aNew York: _bContemporary Learning Series, _c2001 |
||
| 300 |
_axx, 267p. : _bill. |
||
| 500 | _aIncludes index | ||
| 650 | _aEducational psychology | ||
| 700 |
_aPannozzo, Gina M. _eAuthor |
||
| 942 |
_2lcc _cBK _e25th ed. _h1051 _iCAU _kLB |
||